The frog prince

Bibliographic Details
Other Authors: Colombo, Alexandra, Scraper, Katherine
Format: Book
Published: India : Sunrise Publishers , [s.n]
Series:Selected Fairy Tales
Subjects:

MARC

LEADER 00000cam a2200000 7i4500
001 0000077739
005 20220105104300.0
008 180114
020 |a 9788178135571 
041 0 |a English 
090 0 0 |a JP   |b FT ENG 
245 1 4 |a The frog prince   |c Retold by Katherine Scraper; illustrated by Alexandra Colombo 
260 |a India :   |b Sunrise Publishers ,   |c [s.n] 
300 |a 16p. :   |b col., ill. ;   |c 30cm. 
490 1 |a Selected Fairy Tales 
500 |a Children age 4-6 years old (yellow) 
541 0 0 |c Purchased on 2017 
650 0 |a Classic tales   |x Children stories, English 
650 0 |a Fairy tales 
700 1 |a Colombo, Alexandra 
700 1 |a Scraper, Katherine 
999 |a 0001498915   |b Book   |c Children Collection   |e Perbadanan Perpustakaan Awam Johor